Kniha božej útechy Angely z Foligna učenie a videnia svätej mystičky

Bibliographic Details
Main Authors: Angela z Foligna, svätá, 1248-1309 (Author), Petrík, Pavol, 1973- (Author)
Other Authors: Thorold, Algar, 1866-1936 (Author of introduction, etc.)
Format: Book
Language:Slovak
Italian
PhysicalDescription:225 strán 21 cm
Published: [Varín] Zachej.sk 2023
ISBN:9788082114785
Edition:Vydanie 1.
Subjects:

MARC

LEADER 00000cam a2200000 4500
001 vtls012231276
003 SK-MaSNL
005 20260301170445.0
008 230605s2023 xo g h 000 0aslo
015 |a SNBA2023/07 
020 |a 9788082114785 
040 |a SNK  |b slo  |c SNK  |e rda 
041 1 |a slo  |k eng  |h ita 
044 |a xo  |c SK 
072 7 |a 27-5  |x Liturgia. Kresťanské umenie a symbolika. Duchovný život  |2 konspekt 
072 7 |a 929  |x Biografie  |2 konspekt 
080 |a 27-584  |2 2011 
080 |a (092)  |2 2011 
080 |a 2-36-055.2  |2 2011 
080 |a 27-788-055.2  |2 2011 
080 |a 2‑587- ‑055.2  |2 2011 
080 |a (450)  |2 2011 
100 0 |a Angela z Foligna,  |c svätá,  |d 1248-1309  |4 aut  |9 160304 
240 1 3 |a Il libro di Angela da Foligno  |l Slovensky 
245 1 0 |a Kniha božej útechy Angely z Foligna  |b učenie a videnia svätej mystičky  |c preklad: Pavol Petrík 
246 2 0 |a Učenie a videnia svätej mystičky 
250 |a Vydanie 1. 
264 1 |a [Varín]  |b Zachej.sk  |c 2023 
300 |a 225 strán  |c 21 cm 
336 |a text  |b txt  |2 rdacontent 
337 |a bez média  |b n  |2 rdamedia 
338 |a zväzok  |b nc  |2 rdacarrier 
500 |a Miesto vydania podľa NA ISBN 
500 |a Preložené z angličtiny, pôvodný originál v taliančine 
500 |a Názov originálu z externého zdroja 
600 0 7 |a Angela z Foligna,  |c svätá,  |d 1248-1309  |2 SNKMA  |9 160304 
648 7 |a 13.-14. storočie  |2 SNKPH  |9 310529 
648 7 |a 13th-14th centuries  |2 SNKPHeng  |9 400630 
650 0 7 |a duchovný život  |2 SNKPH  |9 1807 
650 0 7 |a Spiritual life  |2 SNKPHeng  |9 265583 
650 0 7 |a svätice  |2 SNKPH  |9 75500 
650 0 7 |a pustovníčky  |2 SNKPH  |9 185273 
650 0 7 |a Women saints  |2 SNKPHeng  |9 329622 
650 0 7 |a Women hermits  |2 SNKPHeng  |9 536694 
650 0 7 |a mystičky  |2 SNKPH  |9 177871 
650 0 7 |a Women mystics  |2 SNKPHeng  |9 303100 
651 7 |a Taliansko  |2 SNKPHgeo  |9 21019 
651 7 |a Italy  |2 SNKPHeng  |9 286419 
655 7 |a autobiografie  |2 SNKPH  |9 70280 
655 7 |a Autobiography  |2 SNKPHeng  |9 283613 
700 1 |a Petrík, Pavol,  |d 1973-  |4 aut  |9 215282 
700 1 |a Thorold, Algar,  |d 1866-1936  |4 aui  |9 536695 
765 0 8 |i Názov anglického prekladu:  |t The book of divine consolation of the Blessed Angela of Foligno 
852 |a Slovenská národná knižnica 
919 |a 978-80-8211-478-5 
954 |a odborná, vedecká literatúra cudzojazyčná (svetová)  |2 lita 
954 |a duchovná literatúra cudzojazyčná (svetová)  |2 lita 
958 |a OP 
999 |c 827658  |d 829588 
952 |a SNK  |b SNK  |y PREZ  |7 0  |p 17A1529620  |o snkSC 202458  |i snk2023/8915  |8 0  |0 0  |1 0  |4 0  |d 2023-06-05  |l 0  |r 2025-10-24 00:00:00  |w 2026-02-24 
952 |a SNK  |b SNK  |y VYP  |7 0  |p 17A1529621  |o snkSC 202458 D1  |i snk2023/8916  |8 0  |0 0  |1 0  |4 0  |d 2023-06-05  |l 0  |r 2026-02-24 03:26:53  |w 2026-02-24